JRE-IKST-012の採用駅 - Statistics

General Stats
  • This quiz has been taken 9 times
  • The average score is 20 of 29
Answer Stats
Answer % Correct
新宿
100%
高尾
88%
大月
88%
相模湖
75%
藤野
75%
上野原
75%
四方津
75%
梁川
75%
鳥沢
75%
猿橋
75%
初狩
75%
笹子
75%
甲斐大和
75%
勝沼ぶどう郷
75%
塩山
75%
山梨市
75%
春日居町
75%
松本
75%
東山梨
63%
甲府
63%
塩崎
63%
新府
63%
小淵沢
63%
酒折
50%
竜王
50%
韮崎
50%
穴山
50%
日野春
50%
長坂
50%
No matching quizzes found
Score Distribution
Percent of People with Each Score
Percentile by Number Answered
Your Score History
You have not taken this quiz